Missing Word: Dennis Quaid Quiz Stats

 Plays Quiz Updated May 2, 2012

Support Sporcle.
Go Orange.
Score 0/16 Timer 03:00
0 Plays Today
Movie Answer % Correct
The _____ TrapParent
96.4%
_____ Balls of Fire!Great
94.1%
_____, Mine and OursYours
92.4%
The Day After _____ Tomorrow
86.8%
Any Given _____Sunday
86.8%
The _____ EasyBig
80.5%
_____ Earp Wyatt
77.6%
In _____ CompanyGood
71.5%
Movie Answer % Correct
Something to _____ AboutTalk
69.4%
The Right _____Stuff
59.3%
_____ from the EdgePostcards
37%
Flight of the _____Phoenix
34.5%
Enemy _____Mine
26.6%
_____ Dreamz American
19.5%
Far From _____Heaven
17.2%
_____ PointVantage
16.3%

Today's Daily Dose

Word Ladder
ING Words

Get the Picture
Nearest Volcano

From the Vault

2013 Movies by Poster

by RobPro

Movies 5m
This quiz takes us back to a different time. A time when we could still make jokes about Leo not having any Oscars.
Remove Ads.
Support Sporcle.
Get the best of Sporcle when you Go Orange. This ad-free experience offers more features, more stats, and more fun while also helping to support Sporcle. Thank you for becoming a member.

Show Comments

Extras

Top Quizzes Today


Score Distribution

Your Account Isn't Verified!

In order to create a playlist on Sporcle, you need to verify the email address you used during registration. Go to your Sporcle Settings to finish the process.

Report this User

Report this user for behavior that violates our Community Guidelines.

Details: